Sports Quiz

Random Sports or Soccer Quiz
Score 0/13 Timer 04:00
0 Plays Today
% Correct
Brighton & Hove Albion
80.3%
Burnley
79.4%
AFC Bournemouth
77.1%
Birmingham City
75%
Blackburn Rovers
74%
Bolton Wanderers
72.6%
Blackpool
62.7%
West Bromwich Albion
58%
Barnsley
57.1%
Bradford City
49.9%
Middlesbrough
42.4%
Derby County
37%
Wimbledon
33.3%
Remove Ads.
Support Sporcle.
Get the best of Sporcle when you Go Orange. This ad-free experience offers more features, more stats, and more fun while also helping to support Sporcle. Thank you for becoming a member.

You're not logged in!

Compare scores with friends on all Sporcle quizzes.
OR
Log In

Show Comments

Extras

Top Quizzes Today


Score Distribution

Your Account Isn't Verified!

In order to create a playlist on Sporcle, you need to verify the email address you used during registration. Go to your Sporcle Settings to finish the process.

Report this User

Report this user for behavior that violates our Community Guidelines.

Details: